Estatísticas para Siglas

Clique aqui para jogar o quiz

Estatísticas Gerais

  • Esse quiz foi jogado 102 vezes
  • A pontuação média é 5 de 15

Estatísticas das Respostas

HintResposta% Correto
E.U.AEstados Unidos da América
100%
ONUOrganização das nações unidas
95%
UEUnião Europeia
93%
PIBProduto Interno Bruto
77%
FMIFundo Monetário Internacional
37%
PSPartido Socialista
36%
PSDPartido Social Democrata
28%
IMIImposto Municipal sobre Imóveis
3%
PMEPequenas médias empresas
3%
TSFTelefonia sem fios
3%
EDPEletricidade de Portugal
2%
IRCImposto sobre o Rendimento das Pessoas Coletivas
1%
TICTecnologia de Informação e Comunicação
1%
IRSImposto sobre o Rendimento das Pessoas Singulares
0%
PVDPaíses em Vias de Desenvolvimento
0%

Distribuição das Pontuações

Percentil de Números Respondidos

Porcentagem de Pessoas com Cada Pontuação

Sua Pontuação Histórica

Você não jogou esse quiz